[Event "34. Copenhagen Open (Politiken Cup)"]
[Site "Elsinore"]
[Date "2012.07.29"]
[Round "3"]
[White "Bekker Jensen, Simon"]
[Black "Stojanovski, Sandi"]
[Result "1-0"]
[WhiteElo "2394"]
[BlackElo "2191"]
[PlyCount "99"]
[EventDate "2012.07.28"]
[EventType "swiss"]
[EventRounds "10"]
[EventCountry "DEN"]
[Source "ChessBase"]
[SourceDate "2012.08.24"]

1. d4 Nf6 2. c4 e6 3. Nc3 Bb4 4. e3 O-O 5. Nge2 Re8 6. a3 Bf8 7. Ng3 d5 8. cxd5
exd5 9. b4 c6 10. Bd3 Nbd7 11. O-O b6 12. Rb1 Bb7 13. f3 g6 14. e4 dxe4 15.
fxe4 Bg7 16. Bc4 Re7 17. e5 Nd5 18. Nce4 h6 19. Nd6 Nf8 20. Nge4 Bc8 21. Bxd5
cxd5 22. Nf6+ Bxf6 23. Rxf6 Qd7 24. Bxh6 Qg4 25. Bxf8 Kxf8 26. Qxg4 Bxg4 27.
Rbf1 Bf5 28. Nxf5 gxf5 29. R1xf5 Kg7 30. Rg5+ Kf8 31. Rgf5 Kg7 32. Rg5+ Kf8 33.
Rh6 Ree8 34. Rh8+ Ke7 35. Rxe8+ Rxe8 36. h4 a5 37. bxa5 bxa5 38. h5 Rh8 39. Kf2
Rh6 40. g4 Rc6 41. Rg8 Rc2+ 42. Ke1 Ra2 43. h6 Rh2 44. g5 Ke6 45. Rf8 Kf5 46.
Rxf7+ Kxg5 47. h7 Kg6 48. e6 a4 49. Rb7 Rh4 50. e7 1-0

[Event "34. Copenhagen Open (Politiken Cup)"]
[Site "Elsinore"]
[Date "2012.07.29"]
[Round "3"]
[White "Bendixen, Daniel"]
[Black "Jensen, Hans Askov"]
[Result "1-0"]
[WhiteElo "1882"]
[BlackElo "1592"]
[PlyCount "35"]
[EventDate "2012.07.28"]
[EventType "swiss"]
[EventRounds "10"]
[EventCountry "DEN"]
[Source "ChessBase"]
[SourceDate "2012.08.24"]

1. e4 e5 2. Nf3 Nc6 3. Bc4 Bc5 4. c3 d6 5. b4 Bb6 6. a4 h5 7. b5 Nce7 8. Qb3
Nh6 9. O-O Bg4 10. d4 Bxf3 11. Bxh6 d5 12. exd5 Bxd5 13. Bxd5 Nxd5 14. Bxg7 Rg8
15. Bxe5 Qg5 16. Qxd5 f6 17. Qe6+ Kd8 18. Bxf6+ 1-0

[Event "34. Copenhagen Open (Politiken Cup)"]
[Site "Elsinore"]
[Date "2012.07.29"]
[Round "3"]
[White "Bennion, David"]
[Black "Hojgaard, Brandur"]
[Result "0-1"]
[WhiteElo "2007"]
[BlackElo "1686"]
[PlyCount "92"]
[EventDate "2012.07.28"]
[EventType "swiss"]
[EventRounds "10"]
[EventCountry "DEN"]
[Source "ChessBase"]
[SourceDate "2012.08.24"]

1. d4 d5 2. c4 e6 3. Nc3 Nf6 4. Bg5 Be7 5. e3 c6 6. Bd3 Nbd7 7. Qe2 Qa5 8. Bxf6
Nxf6 9. Qc2 Qd8 10. Nf3 h6 11. g4 Bd6 12. c5 Bc7 13. g5 hxg5 14. Nxg5 Qe7 15.
O-O-O Bd7 16. Kb1 O-O-O 17. e4 dxe4 18. Ncxe4 Nxe4 19. Nxe4 Rxh2 20. Qa4 Kb8
21. Rxh2 Bxh2 22. Qb4 Bc8 23. Ba6 Ka8 24. Bf1 Bc7 25. Bg2 e5 26. d5 Rxd5 27.
Rxd5 cxd5 28. Nd6 Bxd6 29. cxd6 Qe6 30. Qc5 e4 31. Bf1 a6 32. b4 Bd7 33. Qc7
Qe8 34. a4 Qc8 35. Qxc8+ Bxc8 36. Kb2 Bd7 37. a5 Kb8 38. Kc3 Bc6 39. Bh3 g6 40.
Kd4 f5 41. Ke5 Kc8 42. Kf6 d4 43. Kxg6 Bd7 44. Kf6 d3 45. Bf1 Kd8 46. Ke5 Bb5
0-1

[Event "34. Copenhagen Open (Politiken Cup)"]
[Site "Elsinore"]
[Date "2012.07.29"]
[Round "3"]
[White "Bjorneboe, Kristian"]
[Black "Teplyi, Igor"]
[Result "0-1"]
[WhiteElo "1959"]
[BlackElo "2388"]
[PlyCount "60"]
[EventDate "2012.07.28"]
[EventType "swiss"]
[EventRounds "10"]
[EventCountry "DEN"]
[Source "ChessBase"]
[SourceDate "2012.08.24"]

1. d4 Nf6 2. Nf3 g6 3. Nbd2 d5 4. e3 Bg7 5. Bd3 Bf5 6. Bxf5 gxf5 7. Ne5 Nbd7 8.
Ndf3 e6 9. Bd2 Ne4 10. c4 Nxe5 11. dxe5 dxc4 12. Qa4+ c6 13. Qxc4 Nxd2 14. Nxd2
Bxe5 15. O-O-O Qf6 16. Qb3 O-O-O 17. Nc4 Bc7 18. Kb1 Rxd1+ 19. Rxd1 Rd8 20. Rc1
f4 21. a4 Qg6+ 22. Ka1 Qxg2 23. a5 Qd5 24. a6 b5 25. Qb4 bxc4 26. Qb7+ Kd7 27.
Qxa7 Rb8 28. Rc3 Qd2 29. Qd4+ Qxd4 30. exd4 Ra8 0-1

[Event "34. Copenhagen Open (Politiken Cup)"]
[Site "Elsinore"]
[Date "2012.07.29"]
[Round "3"]
[White "Bratholm, Palle"]
[Black "Andersen, Daniel"]
[Result "0-1"]
[WhiteElo "2088"]
[BlackElo "1870"]
[PlyCount "84"]
[EventDate "2012.07.28"]
[EventType "swiss"]
[EventRounds "10"]
[EventCountry "DEN"]
[Source "ChessBase"]
[SourceDate "2012.08.24"]

1. e4 e6 2. d4 d5 3. Nd2 c5 4. c3 cxd4 5. cxd4 Nc6 6. Ngf3 Nf6 7. Bd3 dxe4 8.
Nxe4 Be7 9. O-O O-O 10. Be3 Nb4 11. Bb1 Nbd5 12. Qd3 Qb6 13. Nxf6+ Nxf6 14. d5
Qd6 15. Bd4 Qxd5 16. Qc2 g6 17. Re1 Bd7 18. Re5 Rfc8 19. Qd2 Qc4 20. Bd3 Qb4
21. Bc3 Qd6 22. Rae1 Bc6 23. Nd4 Bd5 24. Nb5 Qd8 25. a3 Ng4 26. R5e2 Bf6 27.
Qf4 Bxc3 28. Nxc3 Nf6 29. Re3 Kg7 30. Rh3 Ng8 31. Ne4 Bxe4 32. Bxe4 Qd4 33. Rf3
Qd7 34. Rd3 Qc7 35. Qf3 Rab8 36. Rc3 Qa5 37. b4 Qe5 38. Rce3 Qc7 39. Qe2 Qe7
40. Qb5 Qf6 41. Rf3 Qd4 42. Rd3 Qxe4 0-1

[Event "34. Copenhagen Open (Politiken Cup)"]
[Site "Elsinore"]
[Date "2012.07.29"]
[Round "3"]
[White "Brondum, Eric"]
[Black "Hansen, Mads"]
[Result "0-1"]
[WhiteElo "2141"]
[BlackElo "2341"]
[PlyCount "46"]
[EventDate "2012.07.28"]
[EventType "swiss"]
[EventRounds "10"]
[EventCountry "DEN"]
[Source "ChessBase"]
[SourceDate "2012.08.24"]

1. e4 c5 2. d4 cxd4 3. c3 g6 4. cxd4 d5 5. e5 Nc6 6. Nc3 Bg7 7. Nf3 Bg4 8. Be2
Nh6 9. h3 Bxf3 10. Bxf3 e6 11. g4 O-O 12. Be3 f6 13. exf6 Qxf6 14. Bg2 Nf7 15.
f4 Nd6 16. g5 Qe7 17. Ne2 Nc4 18. Qb3 Nxe3 19. Qxe3 Nxd4 20. Nxd4 Qb4+ 21. Qc3
Qxd4 22. Qxd4 Bxd4 23. Rf1 Be3 0-1

[Event "34. Copenhagen Open (Politiken Cup)"]
[Site "Elsinore"]
[Date "2012.07.29"]
[Round "3"]
[White "Bulski, Krzysztof"]
[Black "Gebhardt, Ulrich"]
[Result "1-0"]
[WhiteElo "2554"]
[BlackElo "2222"]
[PlyCount "43"]
[EventDate "2012.07.28"]
[EventType "swiss"]
[EventRounds "10"]
[EventCountry "DEN"]
[Source "ChessBase"]
[SourceDate "2012.08.24"]

1. d4 Nf6 2. c4 e6 3. g3 d5 4. Nf3 dxc4 5. Bg2 a6 6. O-O Nc6 7. e3 Rb8 8. Qe2
b5 9. b3 Na5 10. Ne5 cxb3 11. axb3 c5 12. Qa2 Nxb3 13. Qxb3 Qc7 14. Bc6+ Kd8
15. Bd2 b4 16. Bg2 Rb6 17. Rc1 Bb7 18. Bxb7 Qxb7 19. dxc5 Rb5 20. c6 Qc7 21.
Rxa6 Rxe5 22. Ra8+ 1-0

[Event "34. Copenhagen Open (Politiken Cup)"]
[Site "Elsinore"]
[Date "2012.07.29"]
[Round "3"]
[White "Burmakin, Vladimir"]
[Black "Tari, Aryan"]
[Result "1-0"]
[WhiteElo "2590"]
[BlackElo "2256"]
[PlyCount "83"]
[EventDate "2012.07.28"]
[EventType "swiss"]
[EventRounds "10"]
[EventCountry "DEN"]
[Source "ChessBase"]
[SourceDate "2012.08.24"]

1. Nf3 Nf6 2. g3 g6 3. b3 Bg7 4. Bb2 O-O 5. Bg2 c5 6. O-O Nc6 7. c4 Re8 8. d4
cxd4 9. Nxd4 d5 10. cxd5 Nxd5 11. Nxc6 bxc6 12. Bxg7 Kxg7 13. Qc2 Qb6 14. Nc3
Be6 15. Na4 Qc7 16. Nc5 Qe5 17. Rac1 Rac8 18. Nd3 Qb8 19. Qb2+ f6 20. Rc5 Qb6
21. Rfc1 Red8 22. Qa3 Kf7 23. Ra5 Rc7 24. Ra6 Qb7 25. Nc5 Qa8 26. b4 Bc8 27.
Ra5 e5 28. Qb3 Kg7 29. b5 Qb8 30. bxc6 Qxb3 31. Nxb3 Nb6 32. f4 exf4 33. gxf4
Rd6 34. Kf2 Kf7 35. e3 Be6 36. Nd4 Bc4 37. Rc5 Bd3 38. Bf1 Bxf1 39. Kxf1 a6 40.
Rb1 Na8 41. Rb8 Ra7 42. Rb7+ 1-0

[Event "34. Copenhagen Open (Politiken Cup)"]
[Site "Elsinore"]
[Date "2012.07.29"]
[Round "3"]
[White "Carnstam, Tomas"]
[Black "Haldorsen, Benjamin"]
[Result "0-1"]
[WhiteElo "2060"]
[BlackElo "1811"]
[PlyCount "62"]
[EventDate "2012.07.28"]
[EventType "swiss"]
[EventRounds "10"]
[EventCountry "DEN"]
[Source "ChessBase"]
[SourceDate "2012.08.24"]

1. c4 Nf6 2. Nc3 g6 3. e4 d6 4. d4 Bg7 5. f4 O-O 6. Nf3 c5 7. d5 e6 8. dxe6
Bxe6 9. Bd3 Nc6 10. f5 Bd7 11. O-O Qb6 12. Bf4 Nd4 13. Nxd4 cxd4 14. Nb5 gxf5
15. Nxd6 fxe4 16. Nxe4 Nxe4 17. Bxe4 Bc6 18. Bf5 d3+ 19. Rf2 Rfd8 20. Qh5 Be8
21. c5 Qc6 22. Bxh7+ Kf8 23. Raf1 Qd5 24. Qxd5 Rxd5 25. Bd6+ Rxd6 26. cxd6 Bd4
27. Kh1 Bxf2 28. Rxf2 Bb5 29. a4 Re8 30. h3 Re2 31. axb5 d2 0-1

[Event "34. Copenhagen Open (Politiken Cup)"]
[Site "Elsinore"]
[Date "2012.07.29"]
[Round "3"]
[White "Carstensen, Jacob"]
[Black "Pallesen, Jacob"]
[Result "1-0"]
[WhiteElo "2352"]
[BlackElo "1975"]
[PlyCount "123"]
[EventDate "2012.07.28"]
[EventType "swiss"]
[EventRounds "10"]
[EventCountry "DEN"]
[Source "ChessBase"]
[SourceDate "2012.08.24"]

1. d4 f5 2. h3 b6 3. g4 Bb7 4. Nf3 e6 5. Rg1 fxg4 6. hxg4 Nc6 7. e4 Nf6 8. Nbd2
d5 9. e5 Ne4 10. c3 Nxd2 11. Bxd2 Qd7 12. Bd3 O-O-O 13. Rh1 h6 14. b4 Be7 15.
a4 a5 16. Bb5 Qe8 17. bxa5 bxa5 18. Qe2 Qg6 19. Bd3 Qf7 20. Be3 Rhf8 21. Rh3
Kd7 22. Nd2 Rb8 23. f4 Nd8 24. Rb1 Ra8 25. f5 Bc6 26. Rf3 Qg8 27. Bb5 Bxb5 28.
axb5 Qh7 29. Qd3 Kc8 30. Ke2 a4 31. c4 a3 32. c5 a2 33. Ra1 h5 34. g5 Rxf5 35.
Qc2 h4 36. Rxa2 Rxa2 37. Qxa2 Rxf3 38. Nxf3 h3 39. c6 Kb8 40. Qa1 Qc2+ 41. Bd2
Qc4+ 42. Kf2 Qxb5 43. Qh1 Qxc6 44. Qxh3 Qc2 45. Kg3 Qg6 46. Qf1 Qe8 47. Qb1+
Kc8 48. Qh7 Bf8 49. g6 Nc6 50. Bg5 Ne7 51. Bxe7 Qxe7 52. Qg8 Kd7 53. Kg4 c5 54.
Ng5 c4 55. Nh7 Ke8 56. Nxf8 Qxf8 57. Qxe6+ Qe7 58. Qg8+ Qf8 59. Qxd5 Qb4 60.
Qg8+ Ke7 61. Qxg7+ Ke6 62. Qf7# 1-0

[Event "34. Copenhagen Open (Politiken Cup)"]
[Site "Elsinore"]
[Date "2012.07.29"]
[Round "3"]
[White "Christensen, Esben"]
[Black "Christiansen, Niels Jorgen"]
[Result "1-0"]
[WhiteElo "2023"]
[BlackElo "1775"]
[PlyCount "51"]
[EventDate "2012.07.28"]
[EventType "swiss"]
[EventRounds "10"]
[EventCountry "DEN"]
[Source "ChessBase"]
[SourceDate "2012.08.24"]

1. e4 c5 2. Nf3 Nc6 3. d4 cxd4 4. Nxd4 d6 5. Nc3 a6 6. Be2 Nf6 7. O-O e5 8. Nb3
Be7 9. Be3 b5 10. Nd5 Nxd5 11. exd5 Na5 12. Nxa5 Qxa5 13. f4 exf4 14. Bxf4 Qb6+
15. Kh1 Bf6 16. c3 O-O 17. Qb3 Bd7 18. a4 Rfe8 19. Bd3 Qc5 20. axb5 axb5 21.
Rad1 Ra7 22. Bg3 Qc7 23. Qb4 Be7 24. Qf4 Rf8 25. Qe4 g6 26. Qxe7 1-0

[Event "34. Copenhagen Open (Politiken Cup)"]
[Site "Elsinore"]
[Date "2012.07.29"]
[Round "3"]
[White "Christensen, Uffe Stenberg"]
[Black "Nielsen, Jan Mose"]
[Result "0-1"]
[WhiteElo "1913"]
[BlackElo "2130"]
[PlyCount "92"]
[EventDate "2012.07.28"]
[EventType "swiss"]
[EventRounds "10"]
[EventCountry "DEN"]
[Source "ChessBase"]
[SourceDate "2012.08.24"]

1. d4 d5 2. Nf3 Nf6 3. Bf4 c5 4. e3 Nc6 5. c3 Qb6 6. Qc2 Bg4 7. Nbd2 e6 8. Bd3
c4 9. Be2 Bf5 10. Qc1 h6 11. Bd1 g5 12. Bg3 Rg8 13. Bc2 Bg6 14. Bxg6 Rxg6 15.
Qc2 Be7 16. Rb1 Qa6 17. Ra1 b5 18. O-O Rd8 19. b4 Qb7 20. a4 a6 21. axb5 axb5
22. Ra3 Rg8 23. Rfa1 Nd7 24. e4 Nb6 25. exd5 Nxd5 26. Ne5 f5 27. Nxc6 Qxc6 28.
Ra6 Qc8 29. Be5 Kf7 30. Qd1 Kg6 31. Qc2 h5 32. Nf1 Rgf8 33. Ne3 Bf6 34. Nxd5
Rxd5 35. f4 Bxe5 36. fxe5 Rf7 37. Ra8 Qb7 38. R1a6 Kg7 39. Qd2 f4 40. Qc2 Rdd7
41. Kf2 g4 42. Qd2 Qe4 43. Re8 h4 44. Raa8 g3+ 45. hxg3 fxg3+ 46. Kg1 Qb1+ 0-1

[Event "34. Copenhagen Open (Politiken Cup)"]
[Site "Elsinore"]
[Date "2012.07.29"]
[Round "3"]
[White "Colpe, Malte"]
[Black "Romanov, Evgeny"]
[Result "1-0"]
[WhiteElo "2284"]
[BlackElo "2623"]
[PlyCount "65"]
[EventDate "2012.07.28"]
[EventType "swiss"]
[EventRounds "10"]
[EventCountry "DEN"]
[Source "ChessBase"]
[SourceDate "2012.08.24"]

1. d4 Nf6 2. c4 c5 3. d5 g6 4. Nc3 Bg7 5. e4 d6 6. f4 O-O 7. Nf3 e6 8. Be2 Re8
9. e5 dxe5 10. fxe5 Ng4 11. Bg5 Qa5 12. O-O Nxe5 13. Ne4 Nxf3+ 14. Rxf3 Qb6 15.
Rb3 Qc7 16. d6 Qd7 17. Nxc5 Qc6 18. Nxb7 e5 19. Nd8 Rxd8 20. Bxd8 Be6 21. Bg5
Nd7 22. Rc1 f6 23. Be3 f5 24. c5 a6 25. Rb6 Nxb6 26. cxb6 Qe4 27. Bf2 Rd8 28.
Rc7 Bh6 29. d7 Be3 30. b7 Bxf2+ 31. Kxf2 Qf4+ 32. Kg1 Kf7 33. b8=Q 1-0

[Event "34. Copenhagen Open (Politiken Cup)"]
[Site "Elsinore"]
[Date "2012.07.29"]
[Round "3"]
[White "Danielsen, Henrik"]
[Black "Schultz Pedersen, Jesper"]
[Result "1-0"]
[WhiteElo "2511"]
[BlackElo "2172"]
[PlyCount "77"]
[EventDate "2012.07.28"]
[EventType "swiss"]
[EventRounds "10"]
[EventCountry "DEN"]
[Source "ChessBase"]
[SourceDate "2012.08.24"]

1. c4 e5 2. g3 Nc6 3. Bg2 f5 4. Nc3 Nf6 5. a3 a5 6. e3 Be7 7. b3 O-O 8. Nge2 d6
9. O-O Qe8 10. f4 Bd7 11. Bb2 e4 12. h3 Qg6 13. d3 Rae8 14. Nd5 Bd8 15. Bxf6
Bxf6 16. Ra2 Bd8 17. dxe4 fxe4 18. g4 h5 19. g5 h4 20. Nec3 Nb8 21. Ne2 c6 22.
Ndc3 Na6 23. Rd2 Bc7 24. Qe1 Bb6 25. Nd4 Bc5 26. Nc2 Qh7 27. Kh1 Bf5 28. Qb1
Qg6 29. Qe1 Qh7 30. Na4 Rd8 31. Rd1 b6 32. b4 axb4 33. axb4 b5 34. cxb5 cxb5
35. bxc5 bxa4 36. cxd6 g6 37. Qa5 Qd7 38. Qxa6 Bxh3 39. Qc4+ 1-0

[Event "34. Copenhagen Open (Politiken Cup)"]
[Site "Elsinore"]
[Date "2012.07.29"]
[Round "3"]
[White "Degerfeldt, Sven"]
[Black "Haugsdal, Arn Tore"]
[Result "1/2-1/2"]
[WhiteElo "1848"]
[BlackElo "2068"]
[PlyCount "134"]
[EventDate "2012.07.28"]
[EventType "swiss"]
[EventRounds "10"]
[EventCountry "DEN"]
[Source "ChessBase"]
[SourceDate "2012.08.24"]

1. d4 c5 2. d5 e5 3. e4 d6 4. c4 f5 5. exf5 Bxf5 6. Nc3 Nf6 7. Nge2 Be7 8. Ng3
Bg4 9. f3 Bd7 10. Bd3 O-O 11. O-O Na6 12. Be3 Nc7 13. Qc2 Kh8 14. Nce4 Nce8 15.
Rae1 b5 16. b3 b4 17. Re2 a5 18. Nxf6 Nxf6 19. Nf5 a4 20. g4 axb3 21. axb3 g6
22. Ng3 Kg7 23. g5 Ne8 24. h4 Kh8 25. Rh2 Ng7 26. Bxg6 hxg6 27. Qxg6 Be8 28.
Qh6+ Kg8 29. g6 Bxg6 30. Qxg6 Rf6 31. Qg4 Qc8 32. Qxc8+ Rxc8 33. Bg5 Rf7 34.
Bxe7 Rxe7 35. Ra2 Rf8 36. Kg2 Rf4 37. Ra6 Ne8 38. Ra8 Kh7 39. h5 Ng7 40. Rd8
Ne8 41. Ne4 Rg7+ 42. Kf2 Nf6 43. Nxf6+ Rxf6 44. Ke3 Rg2 45. Ra1 Rb2 46. Raa8
Kh6 47. Rh8+ Kg5 48. Rag8+ Kh4 49. Rg1 Rxb3+ 50. Kd2 Rfxf3 51. Rh1+ Rh3 52.
Rxh3+ Rxh3 53. h6 Kh5 54. Rd8 Kg5 55. Rxd6 e4 56. Rc6 b3 57. Rb6 Kf4 58. h7
Rxh7 59. Rxb3 Rh2+ 60. Ke1 e3 61. d6 Rd2 62. Rb5 Rxd6 63. Rxc5 Ke4 64. Rc8 Rh6
65. Re8+ Kd3 66. Rd8+ Kxc4 67. Ke2 Re6 1/2-1/2

[Event "34. Copenhagen Open (Politiken Cup)"]
[Site "Elsinore"]
[Date "2012.07.29"]
[Round "3"]
[White "Dyrhaug, Sverre S"]
[Black "Christensen, Casper"]
[Result "0-1"]
[WhiteElo "1551"]
[BlackElo "1985"]
[PlyCount "78"]
[EventDate "2012.07.28"]
[EventType "swiss"]
[EventRounds "10"]
[EventCountry "DEN"]
[Source "ChessBase"]
[SourceDate "2012.08.24"]

1. e4 c5 2. Nf3 Nc6 3. d4 cxd4 4. Nxd4 Nf6 5. Nc3 e6 6. Bf4 a6 7. Nxc6 bxc6 8.
Bd6 Be7 9. Bc4 O-O 10. e5 Bxd6 11. Qxd6 Ne8 12. Qd3 Qc7 13. f4 d5 14. exd6 Nxd6
15. Bb3 Nf5 16. Ne2 Rd8 17. Qc3 Bb7 18. Bc4 c5 19. Rg1 Rac8 20. b3 Nd4 21. Nxd4
Rxd4 22. g3 e5 23. Bd3 exf4 24. O-O-O f3 25. Bf5 Rcd8 26. Rxd4 Rxd4 27. Qe3 g6
28. Bd3 Rd6 29. Qe8+ Kg7 30. Qe5+ f6 31. Qe3 Bd5 32. Rf1 Re6 33. Qf2 Qa5 34.
Kb2 c4 35. Bxc4 Bxc4 36. bxc4 Rb6+ 37. Kc1 Qa3+ 38. Kd1 Rd6+ 39. Ke1 Qc1# 0-1

[Event "34. Copenhagen Open (Politiken Cup)"]
[Site "Elsinore"]
[Date "2012.07.29"]
[Round "3"]
[White "Edwardsson, Hannu Kalervo"]
[Black "Borg, Flemming"]
[Result "0-1"]
[WhiteElo "1464"]
[BlackElo "1750"]
[PlyCount "116"]
[EventDate "2012.07.28"]
[EventType "swiss"]
[EventRounds "10"]
[EventCountry "DEN"]
[Source "ChessBase"]
[SourceDate "2012.08.24"]

1. e4 Nf6 2. d3 d5 3. exd5 Nxd5 4. Nf3 Bg4 5. Be2 e6 6. O-O Bd6 7. Bd2 Nf4 8.
Bxf4 Bxf4 9. Nc3 c6 10. g3 Bc7 11. Kg2 h5 12. h3 Bxf3+ 13. Bxf3 h4 14. g4 Qd6
15. Rh1 Nd7 16. Ne4 Qe7 17. Qd2 O-O-O 18. Be2 f5 19. Nc3 Nf6 20. Qe3 fxg4 21.
Bxg4 Nxg4 22. hxg4 Bb6 23. Qe4 Rd4 24. Qe2 Rf4 25. f3 Bc7 26. Qe3 Rhf8 27. Raf1
Qg5 28. Qxe6+ Kb8 29. Ne4 Qd8 30. Nc5 Re8 31. Qb3 Re2+ 32. Rf2 Rxf2+ 33. Kxf2
Qd4+ 34. Kg2 Qxc5 35. Rxh4 Bb6 36. Kg3 Qf2+ 37. Kxf4 Qxh4 38. Qg8+ Bd8 39. Qxg7
Qh2+ 40. Ke4 Qxc2 41. g5 Qe2+ 42. Kf4 Qd2+ 43. Kg4 Qxd3 44. g6 Qc4+ 45. f4 Qe6+
46. f5 Qe4+ 47. Kh3 Qxf5+ 48. Kg2 Bf6 49. Qf7 Qc2+ 50. Kg3 Qxb2 51. Qf8+ Kc7
52. Qf7+ Kb6 53. Kg4 Qd4+ 54. Kf3 a5 55. Qb3+ Ka6 56. Qf7 Qd5+ 57. Kg4 Qxf7 58.
gxf7 Be7 0-1

[Event "34. Copenhagen Open (Politiken Cup)"]
[Site "Elsinore"]
[Date "2012.07.29"]
[Round "3"]
[White "Elenius, Erik"]
[Black "Mouritsen, Jan"]
[Result "1-0"]
[WhiteElo "2069"]
[BlackElo "1822"]
[PlyCount "45"]
[EventDate "2012.07.28"]
[EventType "swiss"]
[EventRounds "10"]
[EventCountry "DEN"]
[Source "ChessBase"]
[SourceDate "2012.08.24"]

1. e4 c5 2. d4 cxd4 3. c3 dxc3 4. Nxc3 Nc6 5. Nf3 e6 6. Bc4 a6 7. O-O Qc7 8.
Qe2 d6 9. Rd1 Nf6 10. Bf4 Be7 11. Rac1 O-O 12. h3 Nd7 13. Bb3 Qb8 14. Be3 Nde5
15. Nd2 b5 16. f4 Ng6 17. Nxb5 Qxb5 18. Qxb5 axb5 19. Rxc6 f5 20. exf5 Rxf5 21.
Rxc8+ Rxc8 22. Bxe6+ Kf8 23. Bxf5 1-0

[Event "34. Copenhagen Open (Politiken Cup)"]
[Site "Elsinore"]
[Date "2012.07.29"]
[Round "3"]
[White "Emborg, Jens"]
[Black "Skovgaard, Ib"]
[Result "0-1"]
[WhiteElo "1649"]
[BlackElo "2006"]
[PlyCount "82"]
[EventDate "2012.07.28"]
[EventType "swiss"]
[EventRounds "10"]
[EventCountry "DEN"]
[Source "ChessBase"]
[SourceDate "2012.08.24"]

1. e4 c5 2. Nf3 e6 3. d4 cxd4 4. Nxd4 a6 5. Nc3 Qc7 6. Be3 Bb4 7. Qd3 Nf6 8. f3
d5 9. exd5 Nxd5 10. Nde2 Nc6 11. O-O-O Ne5 12. Qe4 Nxe3 13. Qxe3 O-O 14. Nd4
Bd7 15. Bd3 Nxd3+ 16. Rxd3 Rac8 17. Rhd1 e5 18. Nde2 Be6 19. a3 Bc5 20. Qd2 b5
21. Ne4 Be7 22. Rc3 Qb6 23. Qe3 Qxe3+ 24. Rxe3 Bc4 25. Kb1 Rfd8 26. Rxd8+ Rxd8
27. N2c3 f5 28. Nf2 Bc5 29. Rxe5 Bxf2 30. Rxf5 Be1 31. Re5 Bxc3 32. bxc3 Rd5
33. Rxd5 Bxd5 34. Kc1 Kf7 35. Kd2 Ke6 36. Ke3 h6 37. g3 Ke5 38. g4 g5 39. h4 a5
40. f4+ gxf4+ 41. Kf2 Ke4 0-1

[Event "34. Copenhagen Open (Politiken Cup)"]
[Site "Elsinore"]
[Date "2012.07.29"]
[Round "3"]
[White "Fjellengen, Baard"]
[Black "Hoyer, Jacob K"]
[Result "0-1"]
[WhiteElo "1928"]
[BlackElo "2141"]
[PlyCount "94"]
[EventDate "2012.07.28"]
[EventType "swiss"]
[EventRounds "10"]
[EventCountry "DEN"]
[Source "ChessBase"]
[SourceDate "2012.08.24"]

1. d4 Nf6 2. c4 g6 3. Nc3 d5 4. Nf3 Bg7 5. Bf4 c5 6. Bxb8 Rxb8 7. cxd5 cxd4 8.
Nxd4 Nxd5 9. e4 Nxc3 10. bxc3 O-O 11. Qa4 Qc7 12. Qb4 Bg4 13. Be2 a5 14. Qb2
Bxe2 15. Nxe2 Qc4 16. O-O Qxe4 17. Rfe1 Qc4 18. Rad1 Rfd8 19. Nd4 e5 20. Nb5
Rd5 21. Rxd5 Qxd5 22. Qe2 Rd8 23. c4 Qd2 24. Kf1 f5 25. Rb1 e4 26. Nc7 Qxe2+
27. Kxe2 Rc8 28. Rxb7 Be5 29. Na6 Rxc4 30. Rb5 Bc3 31. f3 exf3+ 32. Kxf3 a4 33.
Nc5 a3 34. Nd3 Bd4 35. Rb4 Rxb4 36. Nxb4 Kf7 37. Nc2 Bc5 38. g4 fxg4+ 39. Kxg4
Kf6 40. Ne1 h5+ 41. Kf3 g5 42. h3 Ke5 43. Kg3 Ke4 44. Nf3 Be7 45. Kf2 Kd3 46.
Ne5+ Kc3 47. Kf3 Kb2 0-1

[Event "34. Copenhagen Open (Politiken Cup)"]
[Site "Elsinore"]
[Date "2012.07.29"]
[Round "3"]
[White "Fossan, Petter"]
[Black "Tandrup, Michael"]
[Result "1-0"]
[WhiteElo "2255"]
[BlackElo "1955"]
[PlyCount "69"]
[EventDate "2012.07.28"]
[EventType "swiss"]
[EventRounds "10"]
[EventCountry "DEN"]
[Source "ChessBase"]
[SourceDate "2012.08.24"]

1. e4 e6 2. d4 d5 3. Nd2 dxe4 4. Nxe4 Bd7 5. Nf3 Bc6 6. Bd3 Nd7 7. O-O Ngf6 8.
Ng3 Bxf3 9. Qxf3 c6 10. b3 Be7 11. Bb2 O-O 12. c4 Re8 13. Rfe1 Bf8 14. Ne4 Nxe4
15. Rxe4 g6 16. Rd1 Bg7 17. Bf1 Qc7 18. Qe2 Nf6 19. Re3 Red8 20. g3 Qa5 21. Bg2
Qc7 22. Red3 a5 23. a4 Re8 24. Qd2 Nd7 25. f4 Qb6 26. Re1 c5 27. d5 Bxb2 28.
Qxb2 exd5 29. Rxe8+ Rxe8 30. Bxd5 Nf6 31. Bf3 Qe6 32. Qe5 Qh3 33. Bg2 Qg4 34.
Qxf6 Re1+ 35. Bf1 1-0

[Event "34. Copenhagen Open (Politiken Cup)"]
[Site "Elsinore"]
[Date "2012.07.29"]
[Round "3"]
[White "Gade, Jens"]
[Black "Molvig, Julius"]
[Result "0-1"]
[WhiteElo "1578"]
[BlackElo "1905"]
[PlyCount "44"]
[EventDate "2012.07.28"]
[EventType "swiss"]
[EventRounds "10"]
[EventCountry "DEN"]
[Source "ChessBase"]
[SourceDate "2012.08.24"]

1. f4 Nf6 2. Nf3 g6 3. e3 Bg7 4. Be2 O-O 5. O-O d5 6. d3 c5 7. Bd2 Nc6 8. Kh1
Re8 9. c3 e5 10. fxe5 Nxe5 11. Nxe5 Rxe5 12. d4 cxd4 13. exd4 Rf5 14. Rxf5 Bxf5
15. Bg5 Qb6 16. Qb3 Qxb3 17. axb3 Re8 18. Bf1 Re1 19. Kg1 Rxb1 20. Rxa7 h6 21.
Bxf6 Bxf6 22. Rxb7 Bd3 0-1

[Event "34. Copenhagen Open (Politiken Cup)"]
[Site "Elsinore"]
[Date "2012.07.29"]
[Round "3"]
[White "Garberg, Tore"]
[Black "Bjerke, Richard"]
[Result "1/2-1/2"]
[WhiteElo "1956"]
[BlackElo "2162"]
[PlyCount "64"]
[EventDate "2012.07.28"]
[EventType "swiss"]
[EventRounds "10"]
[EventCountry "DEN"]
[Source "ChessBase"]
[SourceDate "2012.08.24"]

1. e4 e5 2. Nf3 Nc6 3. Bb5 a6 4. Ba4 Nf6 5. d3 d6 6. c3 Be7 7. O-O O-O 8. Re1
b5 9. Bb3 Na5 10. Bc2 c5 11. Nbd2 Nc6 12. a4 Bb7 13. axb5 axb5 14. Rxa8 Qxa8
15. Nf1 Qa1 16. Ne3 g6 17. Qe2 Qa2 18. Qd1 Qa8 19. Nd5 Nxd5 20. exd5 Nd8 21. c4
Bf6 22. h4 Bg7 23. h5 Qc8 24. Ng5 Qd7 25. b3 b4 26. hxg6 fxg6 27. Ne4 Nf7 28.
Be3 Bc8 29. Qa1 Qe7 30. Bd1 Bf5 31. Bf3 Qb7 32. Re2 Ra8 1/2-1/2

[Event "34. Copenhagen Open (Politiken Cup)"]
[Site "Elsinore"]
[Date "2012.07.29"]
[Round "3"]
[White "Hansen, Sune Berg"]
[Black "Nielsen, Lars Aaes"]
[Result "1/2-1/2"]
[WhiteElo "2577"]
[BlackElo "2254"]
[PlyCount "31"]
[EventDate "2012.07.28"]
[EventType "swiss"]
[EventRounds "10"]
[EventCountry "DEN"]
[Source "ChessBase"]
[SourceDate "2012.08.24"]

1. e4 e6 2. d4 d5 3. Nd2 c5 4. exd5 Qxd5 5. Ngf3 cxd4 6. Bc4 Qd6 7. Bb3 Nc6 8.
Ne4 Qd8 9. O-O Be7 10. Qe2 Nf6 11. Rd1 Qb6 12. Bf4 Nxe4 13. Qxe4 Bd7 14. Nxd4
Nxd4 15. Rxd4 Bc6 16. Ba4 1/2-1/2